Indicadores socioeconómicos para el seguimiento y la evaluación de la reforma agraria y el desarrollo rural

محفوظ في:
التفاصيل البيبلوغرافية
مؤلف مشترك: FAO
التنسيق: نص
منشور في: s.l.: FAO
الوسوم: إضافة وسم
لا توجد وسوم, كن أول من يضع وسما على هذه التسجيلة!

MARC

LEADER 00000 a a2200000 04500
001 22495
003
040
090 |a 153800  
110 |a FAO  
245 |a Indicadores socioeconómicos para el seguimiento y la evaluación de la reforma agraria y el desarrollo rural  
260 |a s.l.:   |b FAO  
300 |a 44 p  
999 |c 2478  |d 2478